000 00758nam a22002057a 4500
999 _c13884
_d13884
003 AR-CdUCM
008 190416b ||||| |||| 00| 0 spa d
040 _aMUNICIPALIDAD PROVINCIAL DEL CUSCO
_cBIBLIOTECA MUNICIPAL DEL CUSCO
082 _a920.9 /
_bF52
100 _aFigueroa Serrano, Juan
_97424
245 _aCampamentos de Sahuayaco :
_bTestimonio /
260 _aCusco :
_bJL. Editores,
_c2005.
300 _a124 páginas ;
_c20 cm.
505 _aContenido : Algunas necesarias aclaraciones -- Años juveniles, 13 -- La militancia como imperativo de disciplina, 16 -- El valle de la Convención, 19 ...
650 _aCampamento
_932489
650 _aSahuayaco
_932490
650 _aHistoria
_9136
942 _2ddc
_cLIBROS
945 _arah
_d16/04/2019